Régions de France par Taux de Chômage - Statistiques

Statistiques générales
  • Ce quiz a été pris 53 fois
  • Le résultat moyen est 9 sur 17
Statistiques - réponses
Région Taux de chômage (en %) % Correct
Bretagne 5,8
83%
La Réunion 18,6
64%
Pays de la Loire 5,9
62%
Guadeloupe 18,1
60%
Guyane 15,6
60%
Auvergne-Rhône-Alpes 6,3
57%
Martinique 12,3
57%
Île-de-France 7,0
52%
Nouvelle-Aquitaine 6,5
52%
Hauts-de-France 8,7
50%
Bourgogne-Franche-Comté 6,2
48%
Provence-Alpes-Côte d'Azur 8,2
48%
Grand Est 7,1
45%
Centre-Val de Loire 6,7
43%
Corse 6,4
43%
Occitanie 8,7
43%
Normandie 6,9
40%
Aucun quiz correspondant
Distribution des résultats
% des personnes avec chaque résultat
Percentile par nombre de réponses
Votre historique - résultats
Vous n’avez pas pris ce quiz